| 000 | 00874nam a22002777a 4500 | ||
|---|---|---|---|
| 001 | BR8902259 | ||
| 003 | BR-BrBNA | ||
| 005 | 20230928093222.0 | ||
| 007 | ta | ||
| 008 | 230509b bl.||||| |||| 00| 0 por d | ||
| 040 |
_aBR-BrBNA _bpor _cBiblioteca Nacional de Agricultura |
||
| 041 | _a(Por) | ||
| 072 |
_aE14 _b/G514 |
||
| 090 | _ E14 BR8902259 | ||
| 110 | 1 |
_aEmpresa de Assistencia Tecnica e Extensao Rural do Rio Grande do Norte, Natal (Brasil) _94052 |
|
| 245 | 1 | _aRelatorio de atividades 1981 [Empresa de Assistencia Tecnica e Extensao Rural do Rio Grande do Norte] | |
| 260 | 3 |
_aNatal, RN (Brasil): _c1981. |
|
| 300 | _a52 p. | ||
| 650 | _aPROJETO DE DESENVOLVIMENTO | ||
| 650 | _aEXTENSAO RURAL | ||
| 650 | _aASSISTENCIA TECNICA | ||
| 650 | _aRECURSO ECONOMICO | ||
| 650 | _aRIO GRANDE DO NORTE | ||
| 909 |
_a202309 _bLucia _c55 _dLucia Elande |
||
| 942 | _cBK | ||
| 999 |
_c43691 _d43691 |
||